000
00266nam a22001217a 4500
008
180906b xxu||||| |||| 00| 0 eng d
041
_a
eng
080
_a
574
100
_a
9
101
_a
MJE
245
_a
Regional Environment Systems
_c
Rann.b
942
_2
udc
_c
BK
999
_c
47574
_d
47574